Hard Arrested Development Trivia (Season 2) - Statistics

General Stats
  • This quiz has been taken 234 times
  • The average score is 8 of 18
Answer Stats
Hint Answer % Correct
Where does Michael and George Michael plan to move to? Phoenix
85%
Which movie is parodied after Tobias returns as Mrs. Featherbottom? Mrs. Doubtfire
81%
Who is Steve Holt's campaign manager? Ann Veal
66%
What is the name of Ben Stiller's character? Tony Wonder
66%
What is Ice's other job? Party Caterer
63%
What is the Bluth Company slogan? (Adopted from GOB's 'business model')? Solid as a Rock
59%
What is the name of GOB's 'Business Model'? Starla
50%
Who sells the seal that bites of Buster's arm? GOB's wife
49%
Which car does Michael buy when the stock is unfrozen? Corvette
46%
What is Franklin Bluth's middle name? Delano
45%
What is the name of Uncle Jack's carrier? Dragon
40%
What is the seal awarded for in the army? Marksmanship
29%
What is GOB's main idea for Sitwell Enterprises? Single City
27%
What is Maeby's nickname for Mrs. Featherbottom? Mrs. Fingerbottom
21%
What is Tobias's response to "I wouldn't mind kissing that man between the cheeks" "Tobias, You Blow Hard"
11%
What is the gorilla awarded for in the army? Sand Racing
10%
What is Lucille's nickname for the Literal Doctor Doctor "Wordsmith
5%
Where did Stan Sitwell meet Lucille 2? Yoga Class
2%
No matching quizzes found
Score Distribution
Percent of People with Each Score
Percentile by Number Answered
Your Score History
You have not taken this quiz